Statistics for Public transport stations of Hamburg

Click here to take the quiz!

General Stats

  • This quiz has been taken 24 times
  • The average score is 85 of 194

Answer Stats

Answers% Correct
Altona
90%
Hauptbahnhof
90%
Rathaus
90%
Hamburg Airport (Flughafen)
85%
Dammtor (Messe/CCH)
80%
Jungfernstieg
80%
Reeperbahn
80%
Berliner Tor
75%
Harburg
75%
Königstraße
75%
Landungsbrücken
75%
Poppenbüttel
75%
Sternschanze (Messe)
75%
St. Pauli
75%
Barmbek
70%
Baumwall (Elbphilharmonie)
70%
Bergedorf
70%
Blankenese
70%
Elbbrücken
70%
Ohlsdorf
70%
Bahrenfeld
65%
Kellinghusenstraße
65%
Mönckebergstraße
65%
Rübenkamp (City Nord)
65%
Schlump
65%
Wedel
65%
Holstenstraße
60%
Ohlstedt
60%
Ottensen
60%
Stade
60%
Wandsbek-Gartenstadt
60%
Wellingsbüttel
60%
Alte Wöhr (Stadtpark)
55%
HafenCity Universität
55%
Hudtwalckerstraße
55%
Klosterstern
55%
Meßberg
55%
Stadthausbrücke
55%
Stellingen (Arena)
55%
Wandsbeker Chaussee
55%
Ahrensburg Ost
50%
Aumühle
50%
Billstedt
50%
Eidelstedt
50%
Eppendorfer Baum
50%
Farmsen
50%
Feldstraße (Heiligengeistfeld)
50%
Fuhlsbüttel
50%
Hallerstraße
50%
Harburg Rathaus
50%
Hauptbahnhof Nord
50%
Hauptbahnhof Süd
50%
Hoisbüttel
50%
Landwehr
50%
Lattenkamp (Sporthalle)
50%
Lübecker Straße
50%
Mümmelmannsberg
50%
Othmarschen
50%
Pinneberg
50%
Rissen
50%
Steinstraße
50%
Stephansplatz (Oper/CCH)
50%
Straßburger Straße
50%
Wandsbek Markt
50%
Wilhelmsburg
50%
Ahrensburg West
45%
Alsterdorf
45%
Buxtehude
45%
Christuskirche
45%
Diebsteich
45%
Friedrichsberg
45%
Gänsemarkt (Oper)
45%
Großhansdorf
45%
Hagenbecks Tierpark
45%
Hamburger Straße
45%
Hasselbrook
45%
Hoheluftbrücke
45%
Horner Rennbahn
45%
Iserbrook
45%
Klein Flottbek (Botanischer Garten)
45%
Langenfelde
45%
Langenhorn Markt
45%
Langenhorn Nord
45%
Messehallen
45%
Mundsburg
45%
Norderstedt Mitte
45%
Osterstraße
45%
Quickborn
45%
Rauhes Haus
45%
Rödingsmarkt
45%
Schnelsen
45%
Sülldorf
45%
Überseequartier
45%
Veddel (BallinStadt)
45%
Volksdorf
45%
Wartenau
45%
Allermöhe
40%
Alter Teichweg
40%
Berne
40%
Burgstraße
40%
Elbgaustraße
40%
Emilienstraße
40%
Fischbek
40%
Fuhlsbüttel Nord
40%
Habichtstraße
40%
Hammerbrook (City Süd)
40%
Heimfeld (TU Hamburg)
40%
Hochkamp
40%
Hoheneichen
40%
Kornweg (Klein Borstel)
40%
Legienstraße
40%
Neugraben
40%
Niendorf Markt
40%
Rothenburgsort
40%
Saarlandstraße
40%
Sierichstraße
40%
Trabrennbahn
40%
Borgweg (Stadtpark)
35%
Buckhorn
35%
Dollern
35%
Eidelstedt Zentrum
35%
Hagendeel
35%
Hammer Kirche
35%
Joachim-Mähl-Straße
35%
Kaltenkirchen
35%
Kiwittsmoor
35%
Klein Borstel
35%
Krupunder
35%
Meiendorfer Weg
35%
Mittlerer Landweg
35%
Neuwiedenthal
35%
Neu Wulmstorf
35%
Niendorf Nord
35%
Ochsenzoll
35%
Oldenfelde
35%
Reinbek
35%
Sengelmannstraße (City Nord)
35%
Ulzburg Süd
35%
Agathenburg
30%
Billwerder-Moorfleet
30%
Boostedt
30%
Buchenkamp
30%
Dehnhaide
30%
dodenhof
30%
Ellerau
30%
Elmshorn
30%
Garstedt
30%
Halstenbek
30%
Hasloh
30%
Henstedt-Ulzburg
30%
Hörgensweg
30%
Horneburg
30%
Kaltenkirchen Süd
30%
Kiekut
30%
Lohmühlenstraße
30%
Neumünster
30%
Neumünster Süd
30%
Quickborn Süd
30%
Ritterstraße
30%
Schippelsweg
30%
Schmalenbeck
30%
Steinfurther Allee
30%
Tanneneck
30%
Thesdorf
30%
Uhlandstraße
30%
Wohltorf
30%
Alveslohe
25%
Bad Bramstedt
25%
Bad Bramstedt Kurhaus
25%
Barmstedt
25%
Barmstedt Brunnenstraße
25%
Bönningstedt
25%
Burgwedel
25%
Friedrichsgabe
25%
Haslohfurth
25%
Holstentherme
25%
Langeln
25%
Langenmoor
25%
Lentföhrden
25%
Lutterothstraße
25%
Meeschensee
25%
Merkenstraße
25%
Moorbekhalle (Schulzentrum Nord)
25%
Nettelnburg
25%
Neukloster
25%
Nützen
25%
Quickborner Straße
25%
Richtweg
25%
Sparrieshoop
25%
Tiefstack
25%
Voßloch
25%
Wiemersdorf
25%
Bokholt
20%
Großenaspe
20%

Score Distribution

Percentile by Number Answered

Percent of People with Each Score

Your Score History

You have not taken this quiz